Catálogo

Vista normal Vista MARC

Entrada Personal Name

Número de registros utilizados en: 1

001 - CONTROL NUMBER

  • control field: 18072

003 - CONTROL NUMBER IDENTIFIER

  • control field: DLC

005 - DATE AND TIME OF LATEST TRANSACTION

  • control field: 20260504102541.0

008 - FIXED-LENGTH DATA ELEMENTS

  • fixed length control field: 141010n| azannaabn |n aaa

010 ## - LIBRARY OF CONGRESS CONTROL NUMBER

  • LC control number: n 2014189029

035 ## - SYSTEM CONTROL NUMBER

  • System control number: (DNLM)1626551

040 ## - CATALOGING SOURCE

  • Original cataloging agency: DNLM
  • Language of cataloging: spa
  • Description conventions: rda
  • Transcribing agency: Mx-PuUPA
  • Modifying agency: Mx-PuUPA

100 1# - HEADING--PERSONAL NAME

  • Personal name: Cingolani, Roberto,

370 ## - ASSOCIATED PLACE

  • Other associated place: Genoa (Italia)
  • Source of term: naf

374 ## - OCCUPATION

  • Occupation: Autor

375 ## - GENDER

  • Gender: hombre

377 ## - ASSOCIATED LANGUAGE

  • Language code: eng

670 ## - SOURCE DATA FOUND

  • Source citation: Bioinspired approaches for human-centric technologies, 2014:
  • Information found: t.p. (Roberto Cingolani) t.p. verso (Istituto Italiano di Tecnologia, Genoa, Italy)